000 00416nam a2200157 i 4500
001 97445
003 ES-MaACL
005 20230906182113.0
007 t|
008 050712s1965 sp ||||1| spa d
100 1 _aMarcos, F. de.
_976504
245 1 0 _aCorte y plegado de chapa /
_cF. de Marcos.
260 _aMadrid :
_bRiver,
_c1965.
300 _a166 p. :
_bil. ;
_c22 cm.
852 _aES-MaACL
_jC-27642
_bR.56853
999 _c97445
_d97445